000 01416cam a22004097a 4500
001 000079510
003 CHAP
005 20220329142004.0
008 981124d1996 mx a r 00110 spa d
010 _a76695
011 _a77667
035 _a87330
040 _cCHAP
082 0 4 _a632.78
_bE6
100 0 0 _aEpstein, Marc E.
_937246
245 1 0 _aRevision and phylogeny of the Limacodid-group families, with evolutionary studies on slug caterpillars (Lepidoptera : Zygaenoidea) /
_c/by Marc E. Epstein.
260 _aWashington, D.C. :
_bSmithsonian Institution,
_c1996.
300 _a102 p. :
_bilus. ; cuadros.
410 2 1 _aSmithsonian Institution
490 0 _aSmithsonian contributions to zoology
_v; 582
590 _aBATCH-UPD
_b10
_c20130110
_lUCH01
_h0050
590 _aBATCH-UPD
_b10
_c20130110
_lUCH01
_h0749
590 _aBATCH-UPD
_b10
_c20130409
_lUCH01
_h2037
590 _aBATCH-UPD
_b10
_c20130410
_lUCH01
_h0429
590 _aBATCH-UPD
_b10
_c20130914
_lUCH01
_h1314
590 _aCONVERSION
_b10
_c20130109
_lUCH01
_h1342
590 _aE11695DGD
_b10
_c20150602
_lUCH01
_h1156
650 1 4 _aInsectos
_xEvolución.
_958920
650 1 4 _aLepidópteros.
_966252
650 1 4 _aLimacodidae.
_966794
810 2 1 _aSmithsonian Institution
_9107177
830 0 _aSmithsonian contributions to zoology
_v; 582
_9107173
901 _aBK
905 _aAlejandra Carrasco M.
942 _cLIBRO
942 _n0
999 _c76695
_d76695